| 000 | 01193cam a2200397Mi 4500 | ||
|---|---|---|---|
| 001 | 96997 | ||
| 005 | 20230410130733.0 | ||
| 008 | 090420s2009 it 000 0bita d | ||
| 035 | _a(OCoLC)ocn318870625 | ||
| 040 |
_aC3L _cC3L _dSTF |
||
| 020 | _a8861900399 | ||
| 020 | _a9788861900394 | ||
| 029 | 0 |
_aC3L _b09111530 |
|
| 035 | _a(OCoLC)318870625 | ||
| 043 | _ae-it--- | ||
| 045 | _ax4x- | ||
| 050 | 1 | 4 |
_aPN 5246 _bB576p 2009 |
| 082 | 0 | 0 | _a075 |
| 049 | _aGRAL | ||
| 100 | 1 | _aBiacchessi, Daniele. | |
| 245 | 1 | 0 |
_aPassione reporter : _b[il giornalismo come vocazione] / _cDaniele Biacchessi ; [prefazione di Ferruccio De Bortoli]. |
| 250 | _a1. ed. | ||
| 260 |
_aMilano : _bChiarelettere, _c2009. |
||
| 300 |
_axiv, 220 p. ; _c20 cm. |
||
| 440 | 0 | _aReverse | |
| 504 | _aIncludes bibliographical references. | ||
| 650 | 0 |
_aJournalists _zItaly _vBiography. |
|
| 650 | 0 |
_aJournalists _xCrimes against _zItaly. |
|
| 650 | 0 |
_aJournalism _xPolitical aspects. |
|
| 650 | 0 |
_aMurder victims _zItaly _vBiography. |
|
| 650 | 4 |
_aPeriodistas _zItalia _vBiografias. |
|
| 938 |
_aCasalini Libri _bCASA _n09111530 _c12.60 EUR |
||
| 942 |
_2lcc _cbk |
||
| 946 | _amjcruz | ||
| 994 |
_aC0 _bDRFGD |
||
| 999 |
_c79499 _d79499 |
||